Statistics for Saved by the Bell Characters Quiz

Click here to take the quiz!

General Stats

  • This quiz has been taken 26,741 times
  • The average score is 6 of 7

Answer Stats

Character% Correct
Zack Morris
93%
Screech
93%
A.C. Slater
87%
Kelly Kapowski
85%
Lisa Turtle
80%
Jessie Spano
75%
Principal Belding
68%

Score Distribution

Percentile by Number Answered

Percent of People with Each Score

Your Score History

You have not taken this quiz